00444 2200169 4500001002100000008004100021035002000062245005800082100002100140260002400161300002000185020002200205084001400227082000800241650001000249990001500259INLIS000000000003234 ind  a0010-1225000055 aSalvation Of A Saint (Dosa Malaikat)cKeigo Higashino aHigashino, Keigo aJakarta :bGramedia a352c13,5x20 cm a978-602-06-5037-1 a813 HIG s a813 aFiksi a19709/B/26